Movies Quiz

Random Movies or Clickable Quiz

Famous Movie Songs Quiz Stats

 Plays Quiz Updated Nov 7, 2018

Support Sporcle.
Go Orange.
Score 0/40 Timer 08:00
2 Plays Today
% Correct
Titanic
91%
Rocky III
87.4%
Dirty Dancing
83.6%
8 Mile
83.6%
The Bodyguard
81.6%
The Graduate
78.7%
Armageddon
71.8%
Wayne's World
71.2%
Saturday Night Fever
70.6%
Breakfast at Tiffany's
68.6%
Top Gun
67.8%
Gentlemen Prefer Blondes
67.5%
Space Jam
66.9%
Back to the Future
66.1%
Mrs. Doubtfire
65%
The Breakfast Club
64.9%
Flashdance
64.7%
Ghost
59.8%
Ferris Bueller's Day Off
57.7%
Risky Business
54.8%
% Correct
Young Frankenstein
52.6%
O Brother, Where Art Thou?
51.7%
Anchorman
50.6%
Hustle & Flow
50.6%
Beetlejuice
50.3%
Casablanca
50%
Animal House
47.8%
Butch Cassidy and the Sundance Kid
47.1%
Reservoir Dogs
40.9%
Almost Famous
39.8%
Groundhog Day
39.2%
Say Anything
38.8%
Pulp Fiction
38%
Good Morning Vietnam
33.1%
Garden State
30.8%
Romeo + Juliet
29.5%
American Psycho
25%
Goodfellas
22.9%
The Big Chill
22.7%
Pretty In Pink
18.2%

You're not logged in!

Compare scores with friends on all Sporcle quizzes.
OR
Log In
Forgot?

From the Vault

NBA Top 200 Scorers 2000s & 2010s

by ShakeyDeal

Sports 20m
'Call me Basketball Man.'
Remove Ads.
Support Sporcle.
Get the best of Sporcle when you Go Orange. This ad-free experience offers more features, more stats, and more fun while also helping to support Sporcle. Thank you for becoming a member.

Show Comments

Extras

Top Quizzes Today


Score Distribution

Your Account Isn't Verified!

In order to create a playlist on Sporcle, you need to verify the email address you used during registration. Go to your Sporcle Settings to finish the process.

Report this User

Report this user for behavior that violates our Community Guidelines.

Details: